000 00699nam a22002417a 4500
003 UA-OsUOA
001 75262
007 ta
008 20110516b un ||||| |||| 00| 0 ukr d
100 _aБуццаті Д.
090 _a821.161.2
_bБ94
942 _cBK
040 _aUA-OsUOA
_bukr
_cUA-OsUOA
_dUA-OsUOA
245 _aТатарська пустеля
_bроман
_cпередмова та пер. з італ. Ю.Педана
300 _a220 с.
955 _a3
041 _aukr
080 _a821.161.2
020 _a978-966-03-5052-6
260 _aХарків
_bФоліо
_c2009
650 7 _a82 Література. Літературознавство
_2UDC
999 _c361566
_d361566